000 00704nam a2200229 a 4500
001 2549
003 BD-RjUL
005 20211208233558.0
008 161106s1992 i 001 0 eng d
035 _a(BD-RjUL)2576
040 _aDLC
_cDLC
_dm.c
_dBD-RjUL
_beng
041 _aeng
082 _a005.756
_bPEU 1992
_223
100 1 _aPerry, James T
_9162276
245 1 0 _aUnderstanding Oracle /
_cJames T Perry; Joseph G Lateer
260 _aNew Delhi :
_bBPB Publications,
_c1991 [ Printing 1992] .
300 _axxx, 634 p. :
_bill. ;
_c25 cm
504 _aIncludes Bibliographical References and Index
650 _aRelational databases
_9118220
700 _aLateer, Joseph G
_9162277
942 _2ddc
_cBK
999 _c2549
_d2549